Tolerancia social en la población frente al comercio sexual con personas menores de edad en Centroamérica, Panamá y República Dominicana /
El documento presenta una análisis de datos recopilados por CID-Gallup Latinoamérica, en torno al conocimiento y la percepción de las personas adultas de los países de la región acerca de la explotación sexual de niños, niñas y adolescentes.
Guardado en:
| Autor principal: | |
|---|---|
| Otros Autores: | |
| Formato: | Texto |
| Lenguaje: | Spanish |
| Publicado: |
San José:
OIT/ IPEC
2006
|
| Materias: | |
| Etiquetas: |
Agregar Etiqueta
Sin Etiquetas, Sea el primero en etiquetar este registro!
|
MARC
| LEADER | 00000 a a2200000 04500 | ||
|---|---|---|---|
| 001 | 34712 | ||
| 003 | cru CIDCACS/IIS | ||
| 005 | 20230510124326.0 | ||
| 008 | 210528s2006 cr ||||| |||| 00| 0 spa d | ||
| 020 | |a 92-2-318637-4 |a 978-92-2-318637-1 | ||
| 040 | |a Centro de Recursos para el Aprendizaje y la Investigación |b Español |c CRAI/IIS | ||
| 090 | |a 02.04.02 O32t | ||
| 100 | |a Sorensen, Bente | ||
| 245 | |a Tolerancia social en la población frente al comercio sexual con personas menores de edad en Centroamérica, Panamá y República Dominicana / |c Bente Sorensen | ||
| 260 | |a San José: |b OIT/ IPEC |c 2006 | ||
| 300 | |a 36 páginas | ||
| 500 | |a Colección Centroamérica | ||
| 520 | 3 | |a El documento presenta una análisis de datos recopilados por CID-Gallup Latinoamérica, en torno al conocimiento y la percepción de las personas adultas de los países de la región acerca de la explotación sexual de niños, niñas y adolescentes. | |
| 650 | 0 | 0 | |0 TESAUROS |9 686 |a EXPLOTACION SEXUAL |
| 650 | 0 | 0 | |9 3201 |a NIÑOS |
| 650 | 0 | 4 | |9 3349 |a ADOLESCENTES |
| 651 | 0 | |9 308 |a CENTROAMERICA | |
| 700 | |a Cheng Lo, Rosa | ||
| 852 | 1 | 1 | |a 02.04.02 O32t |
| 942 | |2 ddc |c LI |h 02.04.02 O32t |k 02.04.02 |m O32t |i 02614 |6 020402_O32T_02614 | ||
| 999 | |c 1841 |d 1841 | ||



